Trends in the representation theory of finite dimensional algebras : 1997 Joint Summer Research Conference on Trends in the Representation Theory of Finite Dimensional Algebras, July 20-24, 1997, Seattle, Washington

Αποθηκεύτηκε σε:
Λεπτομέρειες βιβλιογραφικής εγγραφής
Άλλοι συγγραφείς: Green, Edward L. 1946- (Επιμελητής έκδοσης), Huisgen-Zimmermann, Birge 1946- (Επιμελητής έκδοσης)
Μορφή: Βιβλίο
Γλώσσα:English
Δημοσίευση: Providence, R.I. : American Mathematical Society, 1998
Σειρά:Contemporary mathematics (American Mathematical Society) ; ; 229
Θέματα:
Ετικέτες: Προσθήκη ετικέτας
Δεν υπάρχουν, Καταχωρήστε ετικέτα πρώτοι!

MARC

LEADER 00000nam a2200000 i 4500
001 1/91563
008 991026s1998 eng d
020 |a 0-8218-0928-8 
035 |l 10053654 
040 |a GR-MY-UA  |b gre  |e aacr 
041 0 |a eng 
082 0 |a 512.24 
245 1 0 |a Trends in the representation theory of finite dimensional algebras :  |b 1997 Joint Summer Research Conference on Trends in the Representation Theory of Finite Dimensional Algebras, July 20-24, 1997, Seattle, Washington /  |c Edward L. Green, Birge Huisgen-Zimmermann, editors 
260 |a Providence, R.I. :   |b American Mathematical Society,   |c 1998 
300 |a xiii, 356 p.;  |b ill.;  |c 26 cm. 
490 1 |a Contemporary mathematics  |v ; 229 
500 |a Includes bibliographical references 
650 0 0 |a Associative algebras  |x Congresses. 
650 0 0 |a Representations of algebras  |x Congresses. 
700 1 |a Green, Edward L.  |d 1946-  |4 edt 
700 1 |a Huisgen-Zimmermann, Birge  |d 1946-  |4 edt 
830 0 |a Contemporary mathematics (American Mathematical Society) ;  |v ; 229 
852 |a INST  |b SAMOS  |e 19991026  |h 512.24 TRE  |p 005300012380  |q 005300012380  |t BK  |y 0 
901 |a BIBL3-1999-3 
909 |a Σ  |b 063374 
922 |a 3ΕΛΗ  |b 199907  |c ΕΠΕΑΕΚ/ΜΑΘ  |d ΠΑΠΑΣΩΤΗΡΙΟΥ 
970 |a ΠΟΥΡΝΑΡΑΣ  |b ΔΗΜΗΤΡΗΣ  |z 1999/10/26